000 00472nam a22001817a 4500
003 NUST - PNEC
005 20170116181038.0
008 150921b xxu||||| |||| 00| 0 eng d
020 _a8120321049
040 _cLIBRARY
082 _a660.283 JOH
100 _911508
_aJohnson, Curtis D
245 _aProcess control instrumentation technology
_cCurtis D Johnson,
250 _a7th ed
260 _cc2003
650 _911510
_aProcess control
_xMS,EL
942 _2ddc
_cBK
999 _c68018
_d68018